Use your initiative (Record no. 79779)
[ view plain ]
| 000 -LEADER | |
|---|---|
| fixed length control field | 01086cab a22002055a 4500 |
| 001 - CONTROL NUMBER | |
| control field | L142336 |
| 008 - FIXED-LENGTH DATA ELEMENTS--GENERAL INFORMATION | |
| fixed length control field | 080206e20080202xxk f 000 0 eng d |
| 035 ## - SYSTEM CONTROL NUMBER | |
| System control number | (Sirsi) u142336 |
| 041 0# - LANGUAGE CODE | |
| Language code of text/sound track or separate title | eng |
| 100 1# - MAIN ENTRY--PERSONAL NAME | |
| Personal name | Heighton, Mark |
| 245 00 - TITLE STATEMENT | |
| Title | Use your initiative |
| 260 ## - PUBLICATION, DISTRIBUTION, ETC. | |
| Date of publication, distribution, etc. | 2008 |
| 490 ## - SERIES STATEMENT | |
| Series statement | Estates Gazette |
| Volume/sequential designation | (0804) 2 February 2008, 164-165(2) |
| 520 ## - SUMMARY, ETC. | |
| Summary, etc. | Examines the increasingly popular trend of landlords to boost their income by commercialising their non-lettable space. Popular schemes include advertising hoardings, branding and advertising opportunities, snack and ice-cream vans, ATM installations and vending machines. Considers the implications for lease terms. Outlines landlord requirements under the RICS code of Service charges in commercial property (L133990). Also addresses the common practice of appointing a third party to deal with commercialisation opportunities. |
| 590 ## - LOCAL NOTE (RLIN) | |
| Local note | KA |
| 650 24 - SUBJECT ADDED ENTRY--TOPICAL TERM | |
| Topical term or geographic name entry element | TELECOMMUNICATIONS CODE |
| 651 #4 - SUBJECT ADDED ENTRY--GEOGRAPHIC NAME | |
| Geographic name | United Kingdom |
| Chronological subdivision | |
| 690 ## - LOCAL SUBJECT ADDED ENTRY--TOPICAL TERM (OCLC, RLIN) | |
| Topical term or geographic name as entry element | PROPERTY-COMMERCIAL PROPERTY-COMMERCIAL LANDLORD AND TENANT-COMMERCIAL LEASES |
| 942 ## - ADDED ENTRY ELEMENTS (KOHA) | |
| Suppress in OPAC | 0 |
| Withdrawn status | Lost status | Source of classification or shelving scheme | Damaged status | Not for loan | Home library | Current library | Shelving location | Date acquired | Total Checkouts | Full call number | Barcode | Date last seen | Copy number | Price effective from | Koha item type |
|---|---|---|---|---|---|---|---|---|---|---|---|---|---|---|---|
| Dewey Decimal Classification | London | London | Journal article | 06/02/2008 | L142336 | 142336-1001 | 06/08/2019 | 1 | 06/08/2019 | Journal article |